| 000 | 01911nam0a2200349 4500 | ||
|---|---|---|---|
| 001 | RU\NLR\BIBL_A\022275048 | ||
| 005 | 20260420011925.0 | ||
| 010 |
_a978-5-907681-08-8 _9500 |
||
| 021 |
_aRU _bКН-П-24-030055 _9КН-П-24-3055 |
||
| 035 | _a(NLR Aleph) 022275048 | ||
| 090 |
_a13660346 _c13660346 |
||
| 100 | _a20240709d2023 u y0rusy50 ca | ||
| 101 | 0 | _arus | |
| 102 | _aRU | ||
| 105 | _aa j 000yy | ||
| 181 | 0 |
_ai3 _baxxe |
|
| 182 | 0 | _an | |
| 200 | 1 |
_aСовременные подходы к пластическому воспитанию в профессиональной педагогической деятельности _eучебное пособие _eдля студентов высших учебных заведений, обучающихся по специальностям 033400 (050701) - Педагогика, (0700201) - Актерское искусство _fАлександр Савостьянов, Татьяна Мацаренко |
|
| 203 |
_aТекст _bвизуальный _cнепосредственный |
||
| 210 |
_aМосква _cИзд-во "Экон-Информ" _d2023 |
||
| 215 |
_a145 с. _cил. _d21 |
||
| 300 | _aНа 4-й с. обл. авт.: Савостьянов А. И. - Заслуж. деят. искусств РФ, акад., проф., Мацаренко Т. И. - канд. пед. наук | ||
| 320 | _aБиблиогр.: с 133-144 (180 назв.) | ||
| 606 | 1 |
_aГимнастика _jУчебные издания _xОбучение _xВысшая школа _91461121 _3RU\NLR\AUTH\66310392 |
|
| 686 | 1 | _aЧ486.73-1я7 | |
| 686 | 1 | _aЧ516.14я7 | |
| 700 | 1 |
_aСавостьянов _bА. И. _f1951- _gАлександр Иванович |
|
| 701 | 1 |
_aМацаренко _bТ. Н. _gТатьяна Николаевна |
|
| 942 | _cBOOK | ||
| 980 | _aNB | ||